Data Science and Its Applications (Record no. 13401)

MARC details
000 -LEADER
fixed length control field 00426nam a22001817a 4500
003 - CONTROL NUMBER IDENTIFIER
control field OSt
008 - FIXED-LENGTH DATA ELEMENTS--GENERAL INFORMATION
fixed length control field 250424b |||||||| |||| 00| 0 eng d
020 ## - INTERNATIONAL STANDARD BOOK NUMBER
International Standard Book Number 9781032530765
082 ## - DEWEY DECIMAL CLASSIFICATION NUMBER
Classification number 006.31 SHD
100 ## - MAIN ENTRY--PERSONAL NAME
Personal name SHARAFF,Aakanksha
245 ## - TITLE STATEMENT
Title Data Science and Its Applications
250 ## - EDITION STATEMENT
Edition statement 1st Rep Ed
260 ## - PUBLICATION, DISTRIBUTION, ETC. (IMPRINT)
Place of publication, distribution, etc UK
Name of publisher, distributor, etc CRC Press
Date of publication, distribution, etc 2023
300 ## - PHYSICAL DESCRIPTION
Extent 358
650 ## - SUBJECT ADDED ENTRY--TOPICAL TERM
Topical term or geographic name as entry element Data Science
700 ## - ADDED ENTRY--PERSONAL NAME
Personal name SINHA,GR
942 ## - ADDED ENTRY ELEMENTS (KOHA)
Source of classification or shelving scheme Dewey Decimal Classification
Koha item type Text Books
Holdings
Withdrawn status Lost status Source of classification or shelving scheme Damaged status Not for loan Collection code Home library Current library Date acquired Source of acquisition Currency Cost, normal purchase price Bill Number Total Checkouts Full call number Acc. no. / Barcode Date last seen Actual Cost, discounted price Bill Date Koha item type Date last borrowed
    Dewey Decimal Classification     Computer Science and Engineering in AI & Data Science PIET C-LIBRARY PIET C-LIBRARY 19/04/2025 Zaffa Books INR 1995.00 ZBD0071   006.31 SHD 39527 24/04/2025 1496.25 16/04/2025 Reference Books  
    Dewey Decimal Classification     Computer Science and Engineering in AI & Data Science PIET C-LIBRARY PIET C-LIBRARY 19/04/2025 Zaffa Books INR 1995.00 ZBD0071 1 006.31 SHD 39528 29/09/2025 1496.25 16/04/2025 Text Books 24/09/2025
    Dewey Decimal Classification     Computer Science and Engineering in AI & Data Science PIET C-LIBRARY PIET C-LIBRARY 19/04/2025 Zaffa Books INR 1995.00 ZBD0071   006.31 SHD 39529 24/04/2025 1496.25 16/04/2025 Text Books  

Design & Developed by: PIET Central Library
R70 Miles Stone Pattikalyana Samalkha Panipat 132102
mail ID :- [email protected], Phone No:- 0180-2569700 Ex.216